|
|
|
|
| LEADER |
00000nam0a2200000 4500 |
| 001 |
268428 |
| 005 |
20231101234151.0 |
| 035 |
|
|
|a (RuTPU)RU\TPU\book\291579
|
| 090 |
|
|
|a 268428
|
| 100 |
|
|
|a 20140903d1986 m y0rusy5003 ca
|
| 101 |
0 |
|
|a rus
|
| 102 |
|
|
|a UA
|
| 105 |
|
|
|a ac z 000zy
|
| 200 |
1 |
|
|a Люди, которых я знал
|f С. П. Тутученко
|
| 210 |
|
|
|a Киев
|c Политиздат Украины
|d 1986
|
| 215 |
|
|
|a 212 с.
|c ил.
|
| 606 |
1 |
|
|a Партизанское движение в Великой Отечественной войне 1941-1945
|2 stltpush
|3 (RuTPU)RU\TPU\subj\66775
|9 82809
|
| 610 |
1 |
|
|a Великая Отечественная война 1941-1945
|
| 610 |
1 |
|
|a партизаны
|
| 610 |
1 |
|
|a партизанские войны
|
| 610 |
1 |
|
|a подпольщики
|
| 610 |
1 |
|
|a история
|
| 610 |
1 |
|
|a Украина
|
| 610 |
1 |
|
|a воспоминания
|
| 610 |
1 |
|
|a герои
|
| 686 |
|
|
|a Т3(2)622,5
|2 rubbk
|
| 700 |
|
1 |
|a Тутученко
|b С. П.
|g Семен Павлович
|4 070
|
| 801 |
|
0 |
|a RU
|b RuMRKP
|c 19950417
|g psbo
|
| 801 |
|
1 |
|a RU
|b 63413507
|c 20140903
|
| 801 |
|
2 |
|a RU
|b 63413507
|c 20170220
|g RCR
|
| 942 |
|
|
|c BK
|